000 00979nam a22002777a 4500
001 7902
003 FISKH
005 20250813105831.0
008 250813b cb ||||| |||| 00| 0 eng d
020 _a9781590696064
040 _aFISKH
_beng
_cFISKH
_dFISKH
050 _aPZ7
082 _a372.6
100 _aMilne, A.A.
245 _aABCs and 123s :
_bDisney Winnie the Pooh and friends /
260 _aNorwalk :
_bDisney Enterprises,
_c2007.
300 _a24 unnumbered pages :
_bcolor illustrations ;
_c21 cm
505 _aE
520 _aChildren can learn ABCs and 123s with Winnie the Pooh, Tigger and all their friends from the Hundred-Acre Wood. There's more learning fun with a CD that includes a read-along narration and sing-along songs.
521 8 _a160
_bLexile estimate
521 8 _aE
_bRaz-Plus
650 _aBoard Book
_vCounting Numbers
_xWinnie the Pooh
700 _aShepard, E.H
_eAuthor
942 _2ddc
_cBK
_n0
999 _c7902
_d7902